[Event "EYCC Open-U14 2019"]
[Site "Bratislava"]
[Date "2019.08.07"]
[Round "6.20"]
[White "Frank, Adam"]
[Black "Fernandez Lopez, Ruben"]
[Result "1/2-1/2"]
[WhiteElo "2125"]
[BlackElo "2207"]
[Annotator "NA"]
[PlyCount "108"]
[EventDate "2019.08.02"]
[EventType "swiss"]
[EventCountry "SVK"]
[SourceTitle "playchess.com"]
[Source "ChessBase"]
[SourceQuality "1"]
[TimeControl "40/5400+30:1800+30"]

1. e4 {[%emt 0:00:00]} c5 {[%emt 0:00:00]} 2. Nf3 {[%emt 0:00:00]} e6 {[%emt 0:00:00]} 3. d4 {[%emt 0:00:00]} cxd4 {[%emt 0:00:00]} 4. Nxd4 {[%emt 0:00:00]} Nf6 {[%emt 0:00:06]} 5. Nc3 {[%emt 0:00:27]} Nc6 {[%emt 0:00:15]} 6. Ndb5 {[%emt 0:00:12]} d6 {[%emt 0:00:15]} 7. Bf4 {[%emt 0:00:05]} e5 {[%emt 0:00:15]} 8. Bg5 {[%emt 0:00:04]} a6 {[%emt 0:00:11]} 9. Na3 {[%emt 0:00:12]} Be6 {[%emt 0:00:34]} 10. Nc4 {[%emt 0:02:31]} Rb8 {[%emt 0:01:51]} 11. a4 {[%emt 0:09:57]} Nb4 {[%emt 0:02:28]} 12. Be2 {[%emt 0:10:17]} Be7 {[%emt 0:00:51]} 13. Bxf6 {[%emt 0:09:44]} Bxf6 {[%emt 0:01:22]} 14. Ne3 {[%emt 0:01:31]} Bg5 {[%emt 0:01:14]} 15. Ned5 {[%emt 0:02:09]} Nxd5 {[%emt 0:02:45]} 16. Nxd5 {[%emt 0:02:56]} O-O {[%emt 0:00:42]} 17. Bc4 {[%emt 0:13:49]} g6 {[%emt 0:06:30]} 18. O-O {[%emt 0:03:25]} Kh8 {[%emt 0:01:17]} 19. Qe2 {[%emt 0:05:47]} Rc8 {[%emt 0:10:17]} 20. Rad1 {[%emt 0:06:06]} f5 {[%emt 0:01:46]} 21. f3 {[%emt 0:01:48]} Qa5 {[%emt 0:17:24]} 22. Bb3 {[%emt 0:02:28]} fxe4 {[%emt 0:07:54]} 23. fxe4 {[%emt 0:00:30]} h5 {[%emt 0:03:54]} 24. h3 {[%emt 0:02:42]} Bxd5 {[%emt 0:05:03]} 25. Rxd5 {[%emt 0:01:56]} Qd8 {[%emt 0:00:16]} 26. g3 {[%emt 0:05:59]} h4 {[%emt 0:01:29]} 27. Rd3 {[%emt 0:01:28]} Qb6+ {[%emt 0:02:49]} 28. Kg2 {[%emt 0:00:17]} Kg7 {[%emt 0:00:14]} 29. Rdf3 {[%emt 0:01:18]} hxg3 {[%emt 0:00:47]} 30. Rf7+ {[%emt 0:01:25]} Rxf7 {[%emt 0:00:01]} 31. Rxf7+ {[%emt 0:00:05]} Kh6 {[%emt 0:00:15]} 32. h4 {[%emt 0:10:01]} Bf4 {[%emt 0:00:16]} 33. h5 {[%emt 0:01:45]} Qe3 {[%emt 0:00:53]} 34. Qxe3 {[%emt 0:00:23]} Bxe3 {[%emt 0:00:01]} 35. hxg6 {[%emt 0:00:38]} Kxg6 {[%emt 0:00:17]} 36. Kxg3 {[%emt 0:01:57]} Bf4+ {[%emt 0:00:33]} 37. Kf3 {[%emt 0:00:44]} b5 {[%emt 0:04:45]} 38. axb5 {[%emt 0:01:35]} axb5 {[%emt 0:00:00]} 39. Rd7 {[%emt 0:00:46]} Bc1 {[%emt 0:00:43]} 40. Kg4 {[%emt 0:00:00]} Rf8 {[%emt 0:00:00]} 41. Rxd6+ {[%emt 0:05:50]} Rf6 {[%emt 0:05:15]} 42. Be6 {[%emt 0:00:32]} Rf4+ {[%emt 0:00:54]} 43. Kg3 {[%emt 0:00:01]} Bxb2 {[%emt 0:00:53]} 44. Bf5+ {[%emt 0:01:35]} Kg5 {[%emt 0:00:33]} 45. Rg6+ {[%emt 0:03:28]} Kh5 {[%emt 0:00:01]} 46. Rb6 {[%emt 0:03:13]} Bc3 {[%emt 0:00:42]} 47. Rxb5 {[%emt 0:00:47]} Kg5 {[%emt 0:00:06]} 48. Rb1 {[%emt 0:02:01]} Bd4 {[%emt 0:01:36]} 49. c4 {[%emt 0:01:35]} Rf2 {[%emt 0:00:14]} 50. Rb7 {[%emt 0:01:44]} Rc2 {[%emt 0:00:25]} 51. Rg7+ {[%emt 0:00:07]} Kf6 {[%emt 0:00:01]} 52. Rg6+ {[%emt 0:00:04]} Kf7 {[%emt 0:00:05]} 53. Ra6 {[%emt 0:00:18]} Ke7 {[%emt 0:00:10]} 54. Kg4 {[%emt 0:01:07]} Rxc4 {[%emt 0:00:45]} 1/2-1/2

[Event "EYCC Open-U14 2019"]
[Site "Bratislava"]
[Date "2019.08.07"]
[Round "6.21"]
[White "Neumann, Filip"]
[Black "Papadiamandis, Elliot"]
[Result "1/2-1/2"]
[WhiteElo "1982"]
[BlackElo "2202"]
[Annotator "NA"]
[PlyCount "56"]
[EventDate "2019.08.02"]
[EventType "swiss"]
[EventCountry "SVK"]
[SourceTitle "playchess.com"]
[Source "ChessBase"]
[SourceQuality "1"]
[TimeControl "40/5400+30:1800+30"]

1. e4 {[%emt 0:00:00]} c5 {[%emt 0:00:07]} 2. Nf3 {[%emt 0:00:00]} d6 {[%emt 0:00:39]} 3. Bb5+ {[%emt 0:00:03]} Nd7 {[%emt 0:00:33]} 4. O-O {[%emt 0:00:22]} a6 {[%emt 0:00:43]} 5. Bxd7+ {[%emt 0:00:10]} Bxd7 {[%emt 0:00:35]} 6. c3 {[%emt 0:01:00]} Nf6 {[%emt 0:02:10]} 7. Re1 {[%emt 0:00:07]} e5 {[%emt 0:03:14]} 8. d4 {[%emt 0:03:57]} Qc7 {[%emt 0:01:22]} 9. a4 {[%emt 0:04:47]} Rc8 {[%emt 0:09:46]} 10. a5 {[%emt 0:06:09]} Be7 {[%emt 0:12:43]} 11. Nbd2 {[%emt 0:03:05]} c4 {[%emt 0:03:46]} 12. Nf1 {[%emt 0:02:47]} Bc6 {[%emt 0:02:43]} 13. d5 {[%emt 0:00:53]} Bb5 {[%emt 0:01:20]} 14. Bg5 {[%emt 0:15:44]} Qd8 {[%emt 0:11:56]} 15. N3d2 {[%emt 0:01:50]} h6 {[%emt 0:05:10]} 16. Be3 {[%emt 0:04:39]} Nd7 {[%emt 0:02:45]} 17. Ng3 {[%emt 0:01:34]} Nc5 {[%emt 0:07:23]} 18. Nf5 {[%emt 0:06:27]} Nd3 {[%emt 0:08:53]} 19. Nxg7+ {[%emt 0:02:54]} Kf8 {[%emt 0:01:36]} 20. Nf5 {[%emt 0:00:56]} Nxe1 {[%emt 0:01:02]} 21. Qg4 {[%emt 0:03:25]} Bg5 {[%emt 0:07:10]} 22. Rxe1 {[%emt 0:02:02]} Bd7 {[%emt 0:01:11]} 23. f4 {[%emt 0:04:37]} Bxf5 {[%emt 0:02:14]} 24. Qxf5 {[%emt 0:01:49]} Bxf4 {[%emt 0:01:31]} 25. Bxf4 {[%emt 0:02:13]} exf4 {[%emt 0:00:57]} 26. e5 {[%emt 0:00:38]} Kg7 {[%emt 0:02:08]} 27. Ne4 {[%emt 0:01:19]} dxe5 {[%emt 0:02:00]} 28. Qxe5+ {[%emt 0:01:01]} f6 {[%emt 0:01:24]} 1/2-1/2

[Event "EYCC Open-U14 2019"]
[Site "Bratislava"]
[Date "2019.08.07"]
[Round "6.22"]
[White "Yaniv, Yuval"]
[Black "Indriunas, Matas"]
[Result "1-0"]
[WhiteElo "2135"]
[BlackElo "1960"]
[Annotator "NA"]
[PlyCount "63"]
[EventDate "2019.08.02"]
[EventType "swiss"]
[EventCountry "SVK"]
[SourceTitle "playchess.com"]
[Source "ChessBase"]
[SourceQuality "1"]
[TimeControl "40/5400+30:1800+30"]

1. e4 {[%emt 0:00:00]} c5 {[%emt 0:00:00]} 2. Nf3 {[%emt 0:01:06]} g6 {[%emt 0:00:24]} 3. Bc4 {[%emt 0:03:16]} Bg7 {[%emt 0:00:42]} 4. c3 {[%emt 0:00:35]} e6 {[%emt 0:10:28]} 5. d4 {[%emt 0:01:48]} cxd4 {[%emt 0:05:18]} 6. Nxd4 {[%emt 0:00:13]} a6 {[%emt 0:04:18]} 7. O-O {[%emt 0:02:23]} Ne7 {[%emt 0:04:04]} 8. Bb3 {[%emt 0:03:20]} O-O {[%emt 0:07:40]} 9. Bg5 {[%emt 0:02:58]} h6 {[%emt 0:13:49]} 10. Bh4 {[%emt 0:00:39]} g5 {[%emt 0:01:43]} 11. Bg3 {[%emt 0:00:19]} d5 {[%emt 0:01:03]} 12. exd5 {[%emt 0:16:19]} Nxd5 {[%emt 0:00:14]} 13. Qf3 {[%emt 0:01:13]} Nf4 {[%emt 0:13:34]} 14. Bxf4 {[%emt 0:22:11]} gxf4 {[%emt 0:00:05]} 15. Rd1 {[%emt 0:00:10]} Qf6 {[%emt 0:07:36]} 16. Qe4 {[%emt 0:12:10]} e5 {[%emt 0:06:00]} 17. Nf3 {[%emt 0:04:00]} Nc6 {[%emt 0:01:58]} 18. Bc2 {[%emt 0:00:30]} Re8 {[%emt 0:00:44]} 19. Nbd2 {[%emt 0:04:06]} Bg4 {[%emt 0:01:02]} 20. Qh7+ {[%emt 0:06:24]} Kf8 {[%emt 0:01:30]} 21. Ne4 {[%emt 0:00:08]} Qe6 {[%emt 0:09:51]} 22. Nh4 {[%emt 0:08:41]} Bxd1 {[%emt 0:02:01]} 23. Bxd1 {[%emt 0:00:02]} Ne7 {[%emt 0:00:58]} 24. Bb3 {[%emt 0:01:01]} Qg4 {[%emt 0:00:41]} 25. Nf6 {[%emt 0:00:18]} Qc8 {[%emt 0:01:55]} 26. Nh5 {[%emt 0:01:21]} Qg4 {[%emt 0:01:11]} 27. Nf6 {[%emt 0:00:27]} Qc8 {[%emt 0:00:08]} 28. h3 Rd8 {[%emt 0:03:01]} 29. Nh5 {[%emt 0:02:39]} Ke8 {[%emt 0:00:15]} 30. Qxg7 {[%emt 0:01:10]} Kd7 {[%emt 0:00:19]} 31. Rd1+ {[%emt 0:00:29]} Kc7 {[%emt 0:00:23]} 32. Qxe5+ {[%emt 0:00:09]} 1-0

[Event "EYCC Open-U14 2019"]
[Site "Bratislava"]
[Date "2019.08.07"]
[Round "6.23"]
[White "Stockmann, Till"]
[Black "Sokolovsky, Yahli"]
[Result "0-1"]
[WhiteElo "1975"]
[BlackElo "2093"]
[Annotator "NA"]
[PlyCount "161"]
[EventDate "2019.08.02"]
[EventType "swiss"]
[EventCountry "SVK"]
[SourceTitle "playchess.com"]
[Source "ChessBase"]
[SourceQuality "1"]
[TimeControl "40/5400+30:1800+30"]

1. d4 {[%emt 0:00:00]} d6 {[%emt 0:00:00]} 2. e4 {[%emt 0:00:25]} Nf6 {[%emt 0:00:09]} 3. Nc3 {[%emt 0:00:49]} g6 {[%emt 0:00:24]} 4. f4 {[%emt 0:00:54]} Bg7 {[%emt 0:00:25]} 5. Nf3 {[%emt 0:00:51]} O-O {[%emt 0:00:56]} 6. Bd3 {[%emt 0:02:03]} Nc6 {[%emt 0:00:49]} 7. e5 {[%emt 0:11:55]} dxe5 {[%emt 0:00:40]} 8. dxe5 {[%emt 0:00:41]} Nd5 {[%emt 0:03:25]} 9. Nxd5 {[%emt 0:00:59]} Qxd5 {[%emt 0:00:01]} 10. Qe2 {[%emt 0:00:54]} Bg4 {[%emt 0:11:19]} 11. Be4 {[%emt 0:03:15]} Qd7 {[%emt 0:12:03]} 12. Be3 {[%emt 0:05:39]} Nd4 {[%emt 0:04:47]} 13. Bxd4 {[%emt 0:06:30]} Bxf3 {[%emt 0:00:12]} 14. Qxf3 {[%emt 0:00:36]} Qxd4 {[%emt 0:00:04]} 15. c3 {[%emt 0:00:33]} Qb6 {[%emt 0:00:36]} 16. O-O-O {[%emt 0:01:40]} f6 {[%emt 0:10:43]} 17. e6 {[%emt 0:06:58]} f5 {[%emt 0:01:59]} 18. Bc2 {[%emt 0:00:25]} Rad8 {[%emt 0:02:12]} 19. h4 {[%emt 0:03:21]} h5 {[%emt 0:04:44]} 20. Rd7 {[%emt 0:05:42]} Bf6 {[%emt 0:09:16]} 21. Bb3 {[%emt 0:05:16]} Rb8 {[%emt 0:06:10]} 22. g3 {[%emt 0:05:35]} Rfc8 {[%emt 0:01:39]} 23. Qd3 {[%emt 0:02:10]} Kg7 {[%emt 0:02:17]} 24. Re1 {[%emt 0:03:04]} a5 {[%emt 0:03:56]} 25. g4 {[%emt 0:03:26]} hxg4 {[%emt 0:03:23]} 26. h5 {[%emt 0:01:22]} c6 {[%emt 0:09:18]} 27. hxg6 {[%emt 0:01:52]} Qb5 {[%emt 0:02:11]} 28. Bc2 {[%emt 0:03:20]} Qxd3 {[%emt 0:03:43]} 29. Bxd3 {[%emt 0:00:11]} Rf8 {[%emt 0:03:08]} 30. Bxf5 {[%emt 0:06:05]} Bxc3 {[%emt 0:01:08]} 31. bxc3 {[%emt 0:00:39]} Rxf5 {[%emt 0:00:01]} 32. Rxe7+ {[%emt 0:00:52]} Kxg6 {[%emt 0:00:02]} 33. Rd7 {[%emt 0:00:18]} Rxf4 {[%emt 0:01:58]} 34. e7 {[%emt 0:00:29]} Re8 {[%emt 0:00:08]} 35. Rxb7 {[%emt 0:01:31]} Kf7 {[%emt 0:01:34]} 36. Ra7 {[%emt 0:01:36]} Rf5 {[%emt 0:00:01]} 37. Rg1 {[%emt 0:00:49]} Rg5 {[%emt 0:00:27]} 38. Rc7 {[%emt 0:01:19]} Rxe7 {[%emt 0:00:43]} 39. Rxc6 {[%emt 0:00:27]} Re2 {[%emt 0:01:47]} 40. Rg3 {[%emt 0:00:00]} Rf5 {[%emt 0:00:00]} 41. Rd6 {[%emt 0:10:47]} Rxa2 {[%emt 0:05:09]} 42. Kb1 {[%emt 0:03:01]} Re2 {[%emt 0:02:16]} 43. Rd1 {[%emt 0:00:28]} Rf4 {[%emt 0:06:49]} 44. Rdg1 {[%emt 0:01:36]} Ree4 {[%emt 0:00:12]} 45. Kc2 {[%emt 0:01:31]} Kf6 {[%emt 0:01:20]} 46. Rd3 {[%emt 0:02:17]} Kf5 {[%emt 0:02:56]} 47. Rd5+ {[%emt 0:01:43]} Re5 {[%emt 0:00:09]} 48. Rd8 {[%emt 0:00:15]} Ree4 {[%emt 0:13:34]} 49. Rd5+ {[%emt 0:01:52]} Re5 {[%emt 0:00:51]} 50. Rd8 {[%emt 0:00:06]} Rf2+ {[%emt 0:01:24]} 51. Kd3 {[%emt 0:01:18]} Rf3+ {[%emt 0:00:08]} 52. Kd2 {[%emt 0:00:18]} g3 {[%emt 0:01:12]} 53. Rf8+ {[%emt 0:02:46]} Kg4 {[%emt 0:00:01]} 54. Rg8+ {[%emt 0:00:12]} Rg5 {[%emt 0:00:08]} 55. Re8 {[%emt 0:00:28]} a4 {[%emt 0:00:51]} 56. Ra8 {[%emt 0:02:51]} Rf2+ {[%emt 0:00:55]} 57. Ke3 {[%emt 0:01:07]} Rf4 {[%emt 0:00:15]} 58. Rd8 {[%emt 0:01:54]} a3 {[%emt 0:00:49]} 59. Ra8 {[%emt 0:00:36]} Re5+ {[%emt 0:00:05]} 60. Kd3 {[%emt 0:00:19]} Rf3+ {[%emt 0:01:12]} 61. Kd4 {[%emt 0:00:27]} Rg5 {[%emt 0:00:55]} 62. Rxa3 {[%emt 0:01:19]} Rf2 {[%emt 0:00:01]} 63. Ke3 {[%emt 0:00:56]} Re5+ {[%emt 0:00:16]} 64. Kd4 {[%emt 0:01:16]} Ree2 {[%emt 0:00:16]} 65. Ra8 {[%emt 0:00:53]} g2 {[%emt 0:00:42]} 66. Rg8+ {[%emt 0:00:15]} Kh3 {[%emt 0:00:29]} 67. Kd3 {[%emt 0:01:12]} Kh2 {[%emt 0:01:07]} 68. Rd1 {[%emt 0:00:33]} Re5 {[%emt 0:00:47]} 69. Rh8+ {[%emt 0:00:32]} Kg3 {[%emt 0:00:01]} 70. Rg8+ {[%emt 0:00:07]} Kh3 {[%emt 0:00:22]} 71. Rh8+ {[%emt 0:00:45]} Kg4 {[%emt 0:00:19]} 72. Rg1 {[%emt 0:00:17]} Rg5 {[%emt 0:00:29]} 73. c4 {[%emt 0:04:52]} Kg3 {[%emt 0:00:32]} 74. Ke3 {[%emt 0:00:56]} Rf1 {[%emt 0:00:43]} 75. Rhh1 {[%emt 0:00:34]} Rxg1 {[%emt 0:00:32]} 76. Rxg1 {[%emt 0:00:09]} Rg4 {[%emt 0:00:24]} 77. c5 {[%emt 0:01:49]} Kh2 {[%emt 0:00:24]} 78. Rxg2+ {[%emt 0:00:49]} Kxg2 {[%emt 0:00:05]} 79. Kd3 {[%emt 0:00:06]} Kf3 {[%emt 0:00:09]} 80. c6 {[%emt 0:00:06]} Rg6 {[%emt 0:00:07]} 81. Kd4 0-1

[Event "EYCC Open-U14 2019"]
[Site "Bratislava"]
[Date "2019.08.07"]
[Round "6.24"]
[White "Meskenas, Paulius"]
[Black "Levin, Guy"]
[Result "0-1"]
[WhiteElo "2040"]
[BlackElo "2005"]
[Annotator "NA"]
[PlyCount "64"]
[EventDate "2019.08.02"]
[EventType "swiss"]
[EventCountry "SVK"]
[SourceTitle "playchess.com"]
[Source "ChessBase"]
[SourceQuality "1"]
[TimeControl "40/5400+30:1800+30"]

1. e4 {[%emt 0:00:00]} c5 {[%emt 0:00:00]} 2. Nf3 {[%emt 0:00:00]} d6 {[%emt 0:00:36]} 3. d4 {[%emt 0:00:00]} cxd4 {[%emt 0:00:02]} 4. Nxd4 {[%emt 0:00:00]} Nf6 {[%emt 0:00:08]} 5. Nc3 {[%emt 0:00:01]} a6 {[%emt 0:00:10]} 6. Bc4 {[%emt 0:00:06]} e6 {[%emt 0:00:15]} 7. Bb3 {[%emt 0:00:10]} b5 {[%emt 0:04:43]} 8. O-O {[%emt 0:00:17]} Be7 {[%emt 0:00:41]} 9. Qf3 {[%emt 0:01:27]} Qb6 {[%emt 0:01:39]} 10. Be3 {[%emt 0:00:40]} Qb7 {[%emt 0:00:02]} 11. Bg5 {[%emt 0:16:25]} Nbd7 {[%emt 0:12:33]} 12. Qg3 {[%emt 0:14:29]} b4 {[%emt 0:08:22]} 13. Bxf6 {[%emt 0:06:19]} Nxf6 {[%emt 0:01:02]} 14. Ba4+ {[%emt 0:06:07]} Bd7 {[%emt 0:03:26]} 15. Bxd7+ {[%emt 0:00:10]} Nxd7 {[%emt 0:02:16]} 16. Nce2 {[%emt 0:00:20]} Qxe4 {[%emt 0:00:45]} 17. Qb3 {[%emt 0:00:17]} O-O {[%emt 0:07:02]} 18. Rad1 {[%emt 0:05:00]} a5 {[%emt 0:05:50]} 19. Ng3 {[%emt 0:00:53]} Qb7 {[%emt 0:01:28]} 20. Rfe1 {[%emt 0:04:48]} d5 {[%emt 0:09:08]} 21. Nh5 {[%emt 0:03:30]} Nf6 {[%emt 0:01:39]} 22. Ng3 {[%emt 0:05:40]} a4 {[%emt 0:03:02]} 23. Qf3 {[%emt 0:00:45]} Bc5 {[%emt 0:00:56]} 24. h4 {[%emt 0:00:31]} Qb6 {[%emt 0:02:11]} 25. Qf4 {[%emt 0:01:09]} Rac8 {[%emt 0:04:23]} 26. Re2 {[%emt 0:00:49]} Bd6 {[%emt 0:01:09]} 27. Qf3 {[%emt 0:01:53]} Bxg3 {[%emt 0:03:38]} 28. Qxg3 {[%emt 0:00:09]} Ne4 {[%emt 0:00:31]} 29. Qf3 {[%emt 0:01:50]} Rc4 {[%emt 0:03:24]} 30. Qd3 {[%emt 0:00:48]} Rfc8 {[%emt 0:02:56]} 31. g3 {[%emt 0:02:33]} a3 {[%emt 0:01:43]} 32. bxa3 {[%emt 0:00:50]} Nc3 {[%emt 0:01:27]} 0-1

[Event "EYCC Open-U14 2019"]
[Site "Bratislava"]
[Date "2019.08.07"]
[Round "6.25"]
[White "Unneland, Mathias"]
[Black "Stamatiou, Rodolfos"]
[Result "1-0"]
[WhiteElo "1966"]
[BlackElo "2121"]
[Annotator "NA"]
[PlyCount "131"]
[EventDate "2019.08.02"]
[EventType "swiss"]
[EventCountry "SVK"]
[SourceTitle "playchess.com"]
[Source "ChessBase"]
[SourceQuality "1"]
[TimeControl "40/5400+30:1800+30"]

1. d4 {[%emt 0:00:00]} Nf6 {[%emt 0:00:00]} 2. c4 {[%emt 0:00:00]} e6 {[%emt 0:00:00]} 3. Nf3 {[%emt 0:00:00]} b6 {[%emt 0:00:00]} 4. g3 {[%emt 0:00:00]} Bb7 {[%emt 0:01:08]} 5. Bg2 {[%emt 0:00:00]} Bb4+ {[%emt 0:01:02]} 6. Nbd2 {[%emt 0:00:27]} O-O {[%emt 0:01:33]} 7. O-O {[%emt 0:01:13]} d5 {[%emt 0:04:56]} 8. a3 {[%emt 0:03:13]} Bxd2 {[%emt 0:01:34]} 9. Nxd2 {[%emt 0:01:56]} Nbd7 {[%emt 0:03:12]} 10. Qc2 {[%emt 0:04:19]} Rc8 {[%emt 0:01:34]} 11. b3 {[%emt 0:16:04]} c5 {[%emt 0:01:35]} 12. dxc5 {[%emt 0:11:00]} Nxc5 {[%emt 0:03:09]} 13. Rd1 {[%emt 0:01:31]} Qe7 {[%emt 0:02:43]} 14. a4 {[%emt 0:03:10]} Rfd8 {[%emt 0:03:46]} 15. Ba3 {[%emt 0:03:27]} d4 {[%emt 0:03:58]} 16. b4 {[%emt 0:09:35]} Na6 {[%emt 0:01:49]} 17. Bxb7 {[%emt 0:01:29]} Qxb7 {[%emt 0:00:02]} 18. Nf3 {[%emt 0:02:11]} Qe4 {[%emt 0:19:11]} 19. Qxe4 {[%emt 0:02:51]} Nxe4 {[%emt 0:00:41]} 20. Rxd4 {[%emt 0:07:19]} Rxd4 {[%emt 0:01:47]} 21. Nxd4 {[%emt 0:00:07]} Rxc4 {[%emt 0:00:38]} 22. Nb5 {[%emt 0:01:54]} Nxb4 {[%emt 0:03:54]} 23. f3 {[%emt 0:12:17]} Nc5 {[%emt 0:09:26]} 24. Rd1 {[%emt 0:01:16]} Nc6 {[%emt 0:10:24]} 25. Nxa7 {[%emt 0:06:37]} Rd4 {[%emt 0:07:39]} 26. Rxd4 {[%emt 0:00:10]} Nxd4 {[%emt 0:00:01]} 27. Bxc5 {[%emt 0:03:53]} bxc5 {[%emt 0:00:11]} 28. Kf2 {[%emt 0:00:46]} Kf8 {[%emt 0:03:02]} 29. Nb5 {[%emt 0:01:56]} Nb3 {[%emt 0:07:30]} 30. Ke3 {[%emt 0:01:35]} Ke7 {[%emt 0:01:32]} 31. Kd3 {[%emt 0:00:06]} Na5 {[%emt 0:01:56]} 32. Nc3 {[%emt 0:02:51]} f5 {[%emt 0:04:34]} 33. e4 {[%emt 0:00:54]} Kd6 {[%emt 0:01:15]} 34. exf5 {[%emt 0:00:32]} exf5 {[%emt 0:00:01]} 35. f4 {[%emt 0:00:53]} g6 {[%emt 0:01:14]} 36. h3 {[%emt 0:00:59]} Nb3 {[%emt 0:00:29]} 37. g4 {[%emt 0:00:45]} fxg4 {[%emt 0:00:26]} 38. hxg4 {[%emt 0:00:10]} h5 {[%emt 0:00:28]} 39. Ne4+ {[%emt 0:00:18]} Kd5 {[%emt 0:00:37]} 40. gxh5 {[%emt 0:00:00]} c4+ {[%emt 0:00:00]} 41. Kc3 {[%emt 0:03:40]} gxh5 {[%emt 0:03:47]} 42. Nf6+ {[%emt 0:00:11]} Kc5 {[%emt 0:02:06]} 43. Nxh5 {[%emt 0:00:39]} Nd4 {[%emt 0:07:11]} 44. Ng3 {[%emt 0:00:15]} Ne6 {[%emt 0:05:58]} 45. f5 {[%emt 0:06:05]} Nc7 {[%emt 0:02:29]} 46. Ne4+ {[%emt 0:00:37]} Kd5 {[%emt 0:01:04]} 47. Nd2 {[%emt 0:00:34]} Ke5 {[%emt 0:03:55]} 48. Kxc4 {[%emt 0:00:23]} Kxf5 {[%emt 0:00:08]} 49. Kc5 {[%emt 0:00:11]} Ke6 {[%emt 0:00:57]} 50. Kc6 {[%emt 0:01:42]} Na6 {[%emt 0:01:42]} 51. Kb6 {[%emt 0:01:29]} Nb4 {[%emt 0:01:35]} 52. a5 {[%emt 0:02:02]} Kd7 {[%emt 0:00:45]} 53. Kb7 {[%emt 0:00:56]} Kd8 {[%emt 0:03:56]} 54. Ne4 {[%emt 0:01:02]} Kd7 {[%emt 0:01:03]} 55. Nc3 {[%emt 0:00:06]} Nc6 {[%emt 0:01:04]} 56. a6 {[%emt 0:00:08]} Na5+ {[%emt 0:00:32]} 57. Kb6 {[%emt 0:00:20]} Nc4+ {[%emt 0:00:40]} 58. Kc5 {[%emt 0:00:16]} Kc7 {[%emt 0:00:33]} 59. Nd5+ {[%emt 0:00:07]} Kb8 {[%emt 0:00:21]} 60. Kxc4 {[%emt 0:00:07]} Ka7 61. Nb4 {[%emt 0:00:48]} Kb6 {[%emt 0:00:04]} 62. Kd5 {[%emt 0:00:17]} Ka7 {[%emt 0:00:06]} 63. Kc6 {[%emt 0:00:11]} Kb8 {[%emt 0:00:00]} 64. Kb6 {[%emt 0:00:08]} Ka8 {[%emt 0:00:04]} 65. Nd5 {[%emt 0:00:06]} Kb8 {[%emt 0:00:04]} 66. a7+ {[%emt 0:00:04]} 1-0

[Event "EYCC Open-U14 2019"]
[Site "Bratislava"]
[Date "2019.08.07"]
[Round "6.26"]
[White "Liu, Casper"]
[Black "Danaci, Ege"]
[Result "1-0"]
[WhiteElo "2194"]
[BlackElo "1976"]
[Annotator "NA"]
[PlyCount "81"]
[EventDate "2019.08.02"]
[EventType "swiss"]
[EventCountry "SVK"]
[SourceTitle "playchess.com"]
[Source "ChessBase"]
[SourceQuality "1"]
[TimeControl "40/5400+30:1800+30"]

1. e4 {[%emt 0:00:00]} c6 {[%emt 0:00:20]} 2. Nf3 {[%emt 0:00:00]} d5 {[%emt 0:01:25]} 3. exd5 {[%emt 0:00:06]} cxd5 {[%emt 0:00:14]} 4. Ne5 {[%emt 0:00:04]} Nc6 {[%emt 0:01:47]} 5. d4 {[%emt 0:00:06]} e6 {[%emt 0:02:05]} 6. c3 {[%emt 0:01:03]} Bd6 {[%emt 0:01:31]} 7. f4 {[%emt 0:01:00]} Nf6 {[%emt 0:17:58]} 8. Bd3 {[%emt 0:00:25]} Ne4 {[%emt 0:01:29]} 9. Bxe4 {[%emt 0:02:46]} dxe4 {[%emt 0:00:06]} 10. Qe2 {[%emt 0:00:24]} Bxe5 {[%emt 0:06:39]} 11. fxe5 {[%emt 0:00:42]} Qd5 {[%emt 0:00:11]} 12. O-O {[%emt 0:01:22]} b6 {[%emt 0:02:12]} 13. Nd2 {[%emt 0:01:00]} Bb7 {[%emt 0:13:40]} 14. Qxe4 {[%emt 0:01:35]} Qxe4 {[%emt 0:00:02]} 15. Nxe4 {[%emt 0:00:08]} O-O {[%emt 0:00:10]} 16. Nd6 {[%emt 0:00:31]} Ba6 {[%emt 0:00:02]} 17. Re1 {[%emt 0:12:25]} Rad8 {[%emt 0:02:59]} 18. Bf4 {[%emt 0:01:02]} f6 {[%emt 0:05:50]} 19. Bg3 {[%emt 0:00:18]} fxe5 {[%emt 0:08:48]} 20. dxe5 {[%emt 0:00:11]} Rd7 {[%emt 0:06:29]} 21. Rad1 {[%emt 0:02:47]} Ne7 {[%emt 0:00:17]} 22. b4 {[%emt 0:07:02]} Rc7 {[%emt 0:07:26]} 23. b5 {[%emt 0:02:30]} Bc8 {[%emt 0:00:32]} 24. c4 {[%emt 0:00:23]} Nf5 {[%emt 0:01:06]} 25. Bf2 {[%emt 0:02:30]} Bb7 {[%emt 0:07:16]} 26. Nxb7 {[%emt 0:06:51]} Rxb7 {[%emt 0:00:01]} 27. g4 {[%emt 0:00:08]} Nh6 {[%emt 0:01:17]} 28. Re4 {[%emt 0:00:44]} Nf7 {[%emt 0:01:47]} 29. Be3 {[%emt 0:02:45]} Rc7 {[%emt 0:00:15]} 30. a4 {[%emt 0:03:00]} Rfc8 {[%emt 0:00:22]} 31. Rc1 {[%emt 0:00:04]} Nd8 {[%emt 0:01:27]} 32. a5 {[%emt 0:00:31]} bxa5 {[%emt 0:00:41]} 33. c5 {[%emt 0:00:05]} Rb7 {[%emt 0:02:38]} 34. c6 {[%emt 0:38:43]} Rxb5 {[%emt 0:01:12]} 35. c7 {[%emt 0:01:07]} Nf7 {[%emt 0:00:15]} 36. Bxa7 {[%emt 0:00:11]} Nxe5 {[%emt 0:04:05]} 37. Bb8 {[%emt 0:03:55]} Nd7 {[%emt 0:01:50]} 38. Rxe6 {[%emt 0:00:34]} Nxb8 {[%emt 0:00:19]} 39. Rd6 {[%emt 0:00:04]} Re5 {[%emt 0:00:58]} 40. Rd8+ {[%emt 0:00:00]} Re8 {[%emt 0:00:00]} 41. Rxe8+ {[%emt 0:01:27]} 1-0